Buisness communication (Record no. 84818)

MARC details
000 -LEADER
fixed length control field 00572nam a2200217Ia 4500
008 - FIXED-LENGTH DATA ELEMENTS--GENERAL INFORMATION
fixed length control field 230125s9999 xx 000 0 und d
020 ## - INTERNATIONAL STANDARD BOOK NUMBER
International Standard Book Number 81-7866-008-3
041 ## - LANGUAGE CODE
Language code of text/sound track or separate title eng
082 ## - DEWEY DECIMAL CLASSIFICATION NUMBER
Classification number 658.45
Item number RAI /RAI
100 ## - MAIN ENTRY--PERSONAL NAME
Personal name Rai U S
9 (RLIN) 107993
245 ## - TITLE STATEMENT
Title Buisness communication
250 ## - EDITION STATEMENT
Edition statement 2nd ed
260 ## - PUBLICATION, DISTRIBUTION, ETC. (IMPRINT)
Date of publication, distribution, etc. 2001
Name of publisher, distributor, etc. Himalaya Publishing House
Place of publication, distribution, etc. Mumbai
300 ## - PHYSICAL DESCRIPTION
Extent 365p
500 ## - GENERAL NOTE
Keywords Buisness communication
500 ## - GENERAL NOTE
Keywords Business Communication;Communication
650 ## - SUBJECT ADDED ENTRY--TOPICAL TERM
Topical term or geographic name as entry element Communication
700 ## - ADDED ENTRY--PERSONAL NAME
Personal name Rai U S & Rai S M
9 (RLIN) 106181
906 ## - LOCAL DATA ELEMENT F, LDF (RLIN)
b 82
Holdings
Withdrawn status Lost status Damaged status Not for loan Home library Current library Date acquired Vendor Cost, normal purchase price Full call number Barcode Date last seen Cost, replacement price Bill Date Koha item type Original Barcode
Withdrawn 2022-23       Smt. Hiraben Nanavati Institute of Management & Research for Women Smt. Hiraben Nanavati Institute of Management & Research for Women 28/02/2001 Prabha deep 550.00 658.45 RAI//RAI B02437 HIMR-BK-2437 25/01/2023 468.00 28/02/2001 Books B02437
Withdrawn 2022-23       Smt. Hiraben Nanavati Institute of Management & Research for Women Smt. Hiraben Nanavati Institute of Management & Research for Women 30/08/2001 Satya Gilani 150.00 658.45 RAI /RAI DB0512 HIMR-DB-512 25/01/2023 150.00 10/09/2001 Donated Book DB0512